| 000 | 00789nam a2200169Ia 4500 | ||
|---|---|---|---|
| 008 | 090711s9999 xx 000 0 und d | ||
| 082 | _b294 | ||
| 100 | _aबाबाजीमहाराज | ||
| 245 | _aश्रीज्ञानेश्र्वरी - गूढार्थदीपिका.( खंड 1 ला.) | ||
| 260 |
_bउद्यम प्रकाशन _c1960 |
||
| 300 | _a428 | ||
| 600 | _aबाबाजीमहाराज | ||
| 630 | _aश्रीज्ञानेश्र्वरी - गूढार्थदीपिका.( खंड 1 ला.) | ||
| 700 | _aबाबाजीमहाराज | ||
| 730 | _aश्रीज्ञानेश्र्वरी - गूढार्थदीपिका.( खंड 1 ला.) | ||
| 942 | _cBOOK | ||
| 999 |
_c337277 _d337277 |
||